220 Best Franchises to Buy : (Record no. 594122)

MARC details
000 -LEADER
fixed length control field 00450nam a2200181 a 4500
008 - FIXED-LENGTH DATA ELEMENTS--GENERAL INFORMATION
fixed length control field 251027s2000##################000#0#eng##
020 ## - INTERNATIONAL STANDARD BOOK NUMBER
ISBN 9780767905466
082 04 - DEWEY DECIMAL CLASSIFICATION NUMBER
Classification number 658.8708
Item number ARD
100 1# - MAIN ENTRY--AUTHOR NAME
Personal name Arden, Lynie,
245 10 - TITLE STATEMENT
Title 220 Best Franchises to Buy :
260 ## - PUBLICATION, DISTRIBUTION, ETC. (IMPRINT)
Name of publisher Broadway,
Year of publication 2000.
650 #0 - SUBJECT ADDED ENTRY--TOPICAL TERM
Topical Term Business & Economics.
942 ## - ADDED ENTRY ELEMENTS (KOHA)
Koha item type English Books
Holdings
Withdrawn status Lost status Damaged status Not for loan Home library Current library Shelving location Date acquired Full call number Accession Number Price effective from Koha item type
        Anna Centenary Library Anna Centenary Library 6TH FLOOR, B WING 27.10.2025 658.8708 ARD 420679 27.10.2025 English Books

Find us on the map